[Event "Polanica Zdroj op"]
[Site "Polanica Zdroj"]
[Date "1996.??.??"]
[Round "4"]
[White "Eljanov, Pavel"]
[Black "Kislov, Sergey"]
[Result "0-1"]
[WhiteElo "2155"]
[BlackElo "2335"]

1.d4 Nf6 2.c4 c5 3.Nf3 cxd4 4.Nxd4 e5 5.Nf3 Nc6 6.Nc3 Bb4 7.Bd2 O-O 8.a3 Bxc3
9.Bxc3 Re8 10.e3 d5 11.Be2 Bf5 12.b4 Qc7 13.cxd5 Rad8 14.O-O Nxd5 15.Qb3 Na5
16.bxa5 Nxc3 17.Bc4 Bd3 18.Qxc3 Qxc4 19.Qxc4 Bxc4 20.Rfc1 Ba6 21.Ng5 e4 22.Rc7 f6
23.Nh3 g5 24.g3 Rd5 25.Kg2 Rxa5 26.Rd1 Bd3 27.Rxb7 Rxa3 28.Rc1 Ba6 29.Rd7 Bc8
30.Rdc7 Bf5 31.Rb1 Bc8 32.Ng1 Ra2 33.Rbc1 Be6 34.Rb1 Rf8 35.Re7 Ra6 36.Ne2 Rf7
37.Re8+ Kg7 38.Nd4 Ba2 39.Rbb8 f5 40.Rb5 Raf6 41.Ree5 Kg6 42.h4 g4 43.Ne2 Bc4
44.Nf4+ Kh6 45.Rbc5 Bb3 46.Nd5 Rd6 47.Ne7 Bd1 48.Nxf5+ Rxf5 49.Rxf5 Bf3+
50.Kh2 Rd1 51.Rxf3 exf3 52.Ra5 Rf1 53.Ra6+ Kg7 54.Rxa7+ Kf6 55.Ra2 h5 56.Rb2 Ke5
57.Ra2 Kd5 58.e4+ Kd4 59.Ra4+ Kc3 60.Ra2 Re1 61.Ra4 Kd3 62.Ra3+ Ke2 63.Ra2+ Kf1
64.Ra5 Kxf2 65.Rxh5 Ke3 66.Rf5 f2 67.e5 f1=Q 68.Rxf1 Rxf1  0-1

[Event "Yalta op"]
[Site "Yalta"]
[Date "1996.??.??"]
[Round "3"]
[White "Nemirovski, Serge"]
[Black "Eljanov, Pavel"]
[Result "1/2-1/2"]
[WhiteElo "2225"]
[BlackElo "2155"]

1.e4 c5 2.c3 b6 3.d4 Bb7 4.Bd3 Nf6 5.d5 e6 6.c4 exd5 7.exd5 d6 8.Nc3 Be7
9.Nf3 O-O 10.O-O Na6 11.b3 Nc7 12.Bb2 Re8 13.Ng5 h6 14.Nge4 Rf8 15.Ng3 Bc8
16.Re1 Bg4 17.Qd2 a6 18.Qf4 Bc8 19.Nce4 Nce8 20.Re2 Ra7 21.Rae1 Nxe4 22.Bxe4 Bf6
23.Bf5 Bxb2 24.Rxb2 Nf6 25.Rbe2 Re8 26.Bxc8 Qxc8 27.Nf5 Rxe2 28.Rxe2 Qd8
29.Qxd6 Qxd6 30.Nxd6 Rd7 31.Ne4 Nxe4 32.Rxe4 Kf8 33.Kf1 b5 34.Ke2 bxc4 35.bxc4 Rb7
36.Kd3 Rb2 37.Re2 Rb7 38.Kc3 Rb1 39.Rb2 Rc1+ 40.Kb3 Ke7 41.Rc2 Rb1+ 42.Ka4 Rb6
43.Ka5 Rg6 44.g3 h5 45.Rd2 Rg4 46.Kxa6 Rxc4 47.Kb5 Rc3 48.Kc6 Ra3 49.d6+ Kd8
50.Rb2 Ra6+ 51.Kxc5 Ra5+ 52.Kc6 Ra8 53.a4 Rc8+ 54.Kd5 Ra8 55.Rb4 g5 56.Ke5 Ra5+
57.Kf6 Kd7 58.Rb5 Rxa4 59.Rxg5 h4 60.f4 Ra2 61.Rh5 hxg3 62.hxg3 Kxd6 63.Kxf7 Ra7+
64.Kf6 Ra8 65.Kf5 Rg8 66.Ke4 Rxg3 67.Re5 Rg8 68.Kf3 Rg7 69.Re1 Re7 70.Ra1 Ke6
71.Ra6+ Kf5 72.Ra5+ Kf6 73.Ra6+ Kf5 74.Ra5+ Kf6 75.f5 Re5 76.Rxe5 Kxe5 77.Kg4 Kf6
78.Kf4 Kg7 79.Ke4 Kf6 80.Kf4 Kf7  1/2-1/2

[Event "Yalta op"]
[Site "Yalta"]
[Date "1996.??.??"]
[Round "7"]
[White "Panchenko, Alexander N"]
[Black "Eljanov, Pavel"]
[Result "0-1"]
[WhiteElo "2465"]
[BlackElo "2155"]

1.e4 c5 2.b4 cxb4 3.d4 e6 4.Nf3 d5 5.e5 Nc6 6.Bd3 Bd7 7.O-O Qb6 8.Be3 Nge7
9.Nbd2 Nf5 10.Bxf5 exf5 11.g3 Be7 12.Nb3 O-O 13.Qd3 Na5 14.Rfb1 Nxb3 15.Rxb3 Rfc8
16.a3 Ba4 17.Rb2 Bb5 18.Qxf5 bxa3 19.Rb3 a6 20.Bc1 Qc6 21.Bxa3 Bxa3 22.Raxa3 g6
23.Qf6 Qxc2 24.e6 Qd1+ 25.Ne1  0-1

[Event "Yalta op"]
[Site "Yalta"]
[Date "1996.??.??"]
[Round "10"]
[White "Eljanov, Pavel"]
[Black "Vasilevich, Tatjana"]
[Result "0-1"]
[WhiteElo "2155"]
[BlackElo "2270"]

1.c4 Nf6 2.Nc3 g6 3.g3 Bg7 4.Bg2 O-O 5.d3 d6 6.Nf3 e5 7.O-O Re8 8.Bg5 h6
9.Bxf6 Bxf6 10.Nd2 c6 11.b4 Be6 12.b5 Qc8 13.bxc6 bxc6 14.Re1 Na6 15.Rb1 Bd7
16.Qa4 Nc5 17.Qa3 Qc7 18.Nb3 Ne6 19.Qa5 Bd8 20.Qxc7 Bxc7 21.e3 Rab8 22.d4 exd4
23.exd4 Nf8 24.Ne4 Kg7 25.d5 c5 26.f3 a5 27.Kf1 a4 28.Nbd2 f5 29.Nc3 Ba5
30.Rxe8 Rxe8 31.Rc1 Rb8 32.Rb1 Re8 33.Rc1 Rb8 34.Rb1 Bxc3 35.Rxb8 Bxd2 36.Rb6 Kf6
37.Rxd6+ Ke5 38.Ra6 f4 39.Ke2 Bc1 40.Kd1 Be3 41.Bf1 Nh7 42.Bd3 Ng5 43.Ke2 Nh3
44.gxf4+ Kd4 45.Bxg6 Nxf4+ 46.Ke1 Kxc4 47.Be4 Bb5 48.Rb6 Kb4 49.a3+ Ka5 50.Rb7 c4
51.d6 Bc5 52.d7 Ne6 53.Bd5 Nd8 54.Bxc4 Bxc4 55.Rc7 Kb5 56.Rc8 Be7 57.Rb8+ Kc6
58.Rc8+ Kd5 59.Ra8 Bb5 60.Kd2 Bxd7 61.Kc3 Bc6 62.Rc8 Ne6 63.Kb2 Bf6+ 64.Ka2 Kd6
65.Rb8 Bd5+ 66.Kb1 Bxf3 67.Rb6+ Bc6  0-1

[Event "Yalta op"]
[Site "Yalta"]
[Date "1996.??.??"]
[Round "11"]
[White "Eljanov, Pavel"]
[Black "Kozel, Roman"]
[Result "1/2-1/2"]
[WhiteElo "2155"]
[BlackElo "2365"]

1.c4 g6 2.Nc3 Bg7 3.g3 Nf6 4.Bg2 O-O 5.e3 d6 6.Nge2 e5 7.O-O Re8 8.d3 c6
9.e4 Na6 10.h3 Nc5 11.Be3 Bd7 12.f4 exf4 13.Nxf4 Ne6 14.Qf3 Nxf4 15.Bxf4 Be6
16.Kh2 Nh5 17.Be3 Be5 18.Ne2 f5 19.exf5 Bxf5 20.Nf4 Nxf4 21.Bxf4 Rf8 22.Qe3 Bxf4
23.Rxf4 Qb6 24.Qd2 Rae8 25.Raf1 Qd8 26.g4 Bc8 27.Qf2 Rxf4 28.Qxf4 Qe7 29.Qf6 Qe5+
30.Qxe5 Rxe5 31.Rf6 Re6 32.Rxe6 Bxe6 33.g5 Bf5 34.d4 Be6 35.d5 Bd7 36.Kg3 c5
37.Be4 b5 38.b3 bxc4 39.bxc4 Ba4 40.h4 Bd1 41.Bd3 Kf7 42.Kf2 Ke7 43.Ke3 Kd7
44.Be2 Bc2 45.Bd3 Bd1 46.Be2 Ba4 47.Kd2 Kc7 48.Bg4 Bd7 49.Bxd7 Kxd7  1/2-1/2

[Event "Polanica Zdroj op"]
[Site "Polanica Zdroj"]
[Date "1997.??.??"]
[Round "5"]
[White "Eljanov, Pavel"]
[Black "Tomescu, Vlad"]
[Result "1/2-1/2"]
[WhiteElo "2190"]
[BlackElo "2410"]

1.Nf3 Nf6 2.g3 b5 3.Bg2 Bb7 4.O-O e6 5.d3 Be7 6.c3 O-O 7.e4 d6 8.a4 a6 9.axb5 axb5
10.Rxa8 Bxa8 11.Na3 c6 12.e5 dxe5 13.Nxe5 Nfd7 14.Nf3 Na6 15.Nd4 Qc7 16.b4 Nf6
17.Re1 Qd7 18.Bb2 Rd8 19.Nac2 Nd5 20.Ne3 Nxe3 21.Rxe3 Bf6 22.Nc2 c5 23.Bxa8 Rxa8
24.bxc5 Nxc5 25.Ba3 Na4 26.d4 Rc8 27.Qf3 Qc7 28.Bb4 Qd7 29.Na3 Nb6 30.Re1 Nd5
31.Bc5 Rxc5 32.dxc5 Bxc3 33.Rc1 b4 34.Nb1 Qa7 35.c6 Qc5 36.Nxc3 bxc3 37.Rb1 g6
38.Rb7 f5 39.Rb8+ Kf7 40.Rb7+ Kf6 41.Qd1 Ke5 42.Qc2 Kd4 43.Qd1+ Ke5 44.Qe2+ Kd4
45.Qd1+ Ke5 46.Qe2+  1/2-1/2

[Event "UKR-chT"]
[Site "Alushta"]
[Date "1998.??.??"]
[Round "?"]
[White "Manojlo, Mikhail"]
[Black "Eljanov, Pavel"]
[Result "1/2-1/2"]
[WhiteElo "2185"]
[BlackElo "2310"]

1.e4 c5 2.c3 d5 3.exd5 Qxd5 4.d4 Nf6 5.Nf3 e6 6.Be2 Nc6 7.O-O cxd4 8.cxd4 Be7
9.Nc3 Qd6 10.a3 O-O 11.Be3 Nd5 12.Ne4 Nxe3 13.fxe3 Qd5 14.Bd3 b6 15.Rc1 Bb7
16.Bb1 g6 17.Qe2 Rac8 18.Qf2 Qd8 19.Qg3 Nb8 20.Rxc8 Qxc8 21.h4 Bxe4 22.Bxe4 Nd7
23.h5 Kg7 24.hxg6 hxg6 25.Ne5 Nxe5 26.Qxe5+ f6 27.Qg3 f5 28.Bd3 Qd7 29.Qe5+ Bf6
30.Bb5 Qe7 31.Qf4 e5 32.dxe5 Bxe5 33.Qf3 Qc5 34.a4 Bxb2 35.Rd1 Rf7 36.Rd7 Qc1+
37.Kf2 Rxd7 38.Bxd7 Qd2+ 39.Qe2 Qxd7 40.Qxb2+ Kf7 41.Qb3+ Qe6 42.Qc2 Qe5
43.Qc4+ Kf6 44.Qh4+ Kf7 45.Qc4+ Kg7 46.Qa6 Qc7 47.Qd3 Kh6 48.Qd4 Kh7 49.Qh4+ Kg7
50.Qd4+ Kf7 51.Qd5+ Ke7 52.Qd3 Qd7 53.Qc4 Qd6 54.Qc2 Kd7 55.Qc4 Qd2+ 56.Kf3 Kd6
57.Qf4+ Ke6 58.Qh4 Qd5+ 59.Kf2 Qd2+ 60.Kf3 Qd1+ 61.Kf2 Qc2+ 62.Kf1 Qe4 63.Qh7 Qxa4
64.Qxg6+ Ke5 65.Qg3+ Kd5 66.Qg8+ Ke4 67.Qe6+ Kd3 68.Qxf5+ Kxe3 69.Qf3+ Kd2
70.Qf2+ Kc3 71.Qe3+ Kb2 72.Qe2+ Qc2 73.g4 Qxe2+ 74.Kxe2 a5 75.g5 a4 76.g6 a3
77.g7 a2 78.g8=Q a1=Q 79.Qg7+ Ka2 80.Qxa1+ Kxa1 81.Kd3  1/2-1/2

[Event "UKR-chT"]
[Site "Alushta"]
[Date "1998.??.??"]
[Round "?"]
[White "Marchik, N."]
[Black "Eljanov, Pavel"]
[Result "1-0"]
[WhiteElo "2310"]
[BlackElo "2310"]

1.e4 c5 2.b3 Nf6 3.e5 Nd5 4.Nf3 e6 5.Bb2 Be7 6.c4 Nf4 7.g3 Ng6 8.Bg2 Nc6
9.O-O O-O 10.Re1 f6 11.exf6 Bxf6 12.Bxf6 Qxf6 13.Nc3 Nd4 14.Re3 d6 15.Ne4 Qe7
16.d3 e5 17.Nxd4 cxd4 18.Re1 Be6 19.Qd2 h6 20.Qb4 Rad8 21.Rac1 b6 22.Rc2 Kh8
23.Qa3 Bg4 24.Qc1 Qd7 25.b4 Bf3 26.h3 Bxg2 27.Kxg2 Rf5 28.Qd1 Ne7 29.c5 dxc5
30.bxc5 bxc5 31.Rxc5 Rdf8 32.Qc2 Nd5 33.Qc4 Nc3 34.Rc7 Qe8 35.Rf1 Qh5 36.g4 Qg6
37.Rc6 R5f6 38.Nxf6 gxf6 39.Rc8 Rxc8 40.Qxc8+ Kg7 41.Qd7+ Kh8 42.Qc8+ Kg7
43.Qb7+ Kg8 44.Qb8+ Kf7 45.Qxa7+ Ke8 46.Qb8+ Kd7 47.Qb7+ Kd8 48.Qf3 Ke7 49.a4 Qe8
50.Qb7+ Kf8  1-0

[Event "Polanica Zdroj op"]
[Site "Polanica Zdroj"]
[Date "1999.08.23"]
[Round "7"]
[White "Eljanov, Pavel"]
[Black "Brodsky, Michail"]
[Result "1/2-1/2"]
[WhiteElo "2447"]
[BlackElo "2512"]

1.d4 Nf6 2.Nf3 c5 3.d5 g6 4.Nc3 d6 5.e4 Bg7 6.Bb5+ Nbd7 7.a4 O-O 8.O-O a6
9.Bc4 Ne8 10.Bf4 Nc7 11.Re1 Rb8 12.Qd3 Nb6 13.b3 Bg4 14.e5 Bxf3 15.Qxf3 dxe5
16.Bxe5 Bxe5 17.Rxe5 Nd7 18.Ree1 b5 19.Bf1 Nf6 20.Rad1 Re8 21.g4 Nd7 22.axb5 Nxb5
23.Nxb5 axb5 24.d6 exd6 25.Rxe8+ Qxe8 26.Rxd6 Qe7 27.Qf4 Rb7 28.Rc6 Nf8 29.g5 Ne6
30.Qe5 Qd8 31.h4 Nd4 32.Rd6 Rd7 33.Rxd7 Qxd7 34.Qb8+ Kg7 35.Qe5+ Kg8 36.Bg2 Qg4
37.Qb8+ Kg7 38.Qe5+ Kg8 39.Qe8+ Kg7 40.Qe5+  1/2-1/2

[Event "Polanica Zdroj op"]
[Site "Polanica Zdroj"]
[Date "1999.08.25"]
[Round "10"]
[White "Eljanov, Pavel"]
[Black "Poluljahov, Aleksandr"]
[Result "0-1"]
[WhiteElo "2447"]
[BlackElo "2554"]

1.d4 Nf6 2.c4 c5 3.d5 g6 4.Nc3 Bg7 5.e4 O-O 6.Bd3 d6 7.h3 e6 8.Nf3 Na6 9.O-O Nc7
10.Rb1 Rb8 11.Bg5 h6 12.Be3 exd5 13.cxd5 Nd7 14.Qd2 Kh7 15.a3 b6 16.Bf4 Qe7
17.Nd1 Ne8 18.Ne3 b5 19.b4 Rb6 20.Rfe1 c4 21.Bc2 Ne5 22.Nd4 Qf6 23.Bxe5 Qxe5
24.Nc6 Qc3 25.Qxc3 Bxc3 26.Re2 Bd7 27.a4 a6 28.Bd1 Bxc6 29.a5 Rb8 30.dxc6 Rc8
31.Nd5 Bg7 32.Rc2 Rxc6 33.Bf3 Be5 34.g3 Ng7 35.Bg2 Rcc8 36.Rd1 Ne6 37.f4 Bh8
38.Kf1 Nd4 39.Rcc1 Nc6 40.Nb6 Rc7 41.Rxd6 Bb2 42.Rc2 Nxb4 43.Rxb2 c3 44.Rb1 c2
45.Rc1 Na2 46.Rxc2 Rxc2 47.e5 Kg7 48.Rd7 Nc3 49.Rd4 Ra2 50.g4 Rxa5 51.f5 Ra1+
52.Kf2 Rd1 53.Rf4 Rfd8 54.Bf3 R1d2+ 55.Ke1 R2d4  0-1

[Event "Artek olJ"]
[Site "Artek"]
[Date "1999.09.12"]
[Round "3"]
[White "Eljanov, Pavel"]
[Black "Zhigalko, A."]
[Result "1-0"]
[WhiteElo "2447"]
[BlackElo "2256"]

1.d4 Nf6 2.Nf3 g6 3.c4 Bg7 4.Nc3 d6 5.e4 O-O 6.Be2 c5 7.O-O cxd4 8.Nxd4 Nc6
9.Be3 Bd7 10.Qd2 Nxd4 11.Bxd4 Bc6 12.f3 a5 13.Kh1 Nd7 14.Bxg7 Kxg7 15.f4 Qb6
16.Rae1 a4 17.Bg4 Rad8 18.Bxd7 Rxd7 19.f5 Qc5 20.Qd3 Qe5 21.b4 axb3 22.axb3 Kg8
23.Nd5 Bxd5 24.exd5 Qg7 25.Rxe7 Rxe7 26.f6 Qh6 27.fxe7 Re8 28.Qe4 Qg5 29.Re1 Kg7
30.c5 Qf6 31.cxd6 Qxd6 32.Qe5+ Qxe5 33.Rxe5 Kf6 34.d6 Kxe5 35.d7 Rxe7 36.d8=Q Ke6
37.h3 h5 38.Qb6+ Kd5 39.Kh2 Rd7 40.Kg3 Re7 41.Kf4 Rd7 42.b4 Re7 43.Qd8+ Ke6
44.Qb8 Kf6 45.Qd6+ Re6 46.Qd4+ Ke7 47.Qa7  1-0

[Event "Artek olJ"]
[Site "Artek"]
[Date "1999.09.18"]
[Round "7"]
[White "Luo Wei"]
[Black "Eljanov, Pavel"]
[Result "1-0"]
[WhiteElo "2169"]
[BlackElo "2447"]

1.e4 c5 2.Nf3 Nc6 3.d4 cxd4 4.Nxd4 e5 5.Nb5 d6 6.N1c3 a6 7.Na3 Be7 8.Nc4 b5
9.Ne3 Nf6 10.Ned5 O-O 11.Be3 Nxd5 12.Nxd5 Rb8 13.Be2 Bg5 14.O-O Be6 15.Bxg5 Qxg5
16.c3 Rbd8 17.Nc7 Qe7 18.Nd5 Qb7 19.Qd3 Na5 20.b3 Rc8 21.Rac1 Nc6 22.Rfd1 Qa7
23.g3 h6 24.b4 Ne7 25.a4 Nxd5 26.exd5 Bd7 27.axb5 axb5 28.c4 bxc4 29.Rxc4 Rxc4
30.Qxc4 Rc8 31.Qa6 Qxa6 32.Bxa6 Rb8 33.b5 Rb6 34.Rb1 f5 35.Kf1 Kf7 36.Ke2  1-0

[Event "Chigorin mem"]
[Site "St Petersburg"]
[Date "1999.11.02"]
[Round "1"]
[White "Toporov, Victor"]
[Black "Eljanov, Pavel"]
[Result "0-1"]
[WhiteElo "2270"]
[BlackElo "2447"]

1.c3 Nf6 2.f4 g6 3.Nf3 Bg7 4.g3 O-O 5.Bg2 d5 6.O-O c5 7.d3 Nc6 8.Qe1 d4 9.cxd4 cxd4
10.Na3 Be6 11.Bd2 Bd5 12.h3 Rc8 13.Qf2 e6 14.Rfc1 Qb6 15.b3 Qd8 16.Nc2 Bxf3
17.Bxf3 Nd5 18.Na3 Nc3 19.Nb1 Nd5 20.Na3 a6 21.Nc2 Re8 22.Qg2 Qd6 23.a3 Nc3
24.Rf1 Na5 25.Bxc3 Rxc3 26.b4 Nb3 27.Ra2 Nd2 28.Rd1 Nxf3+ 29.Qxf3 e5 30.fxe5 Qxe5
31.Rf1 Qe6 32.Rb2 Rc7 33.Ne1 Qxh3 34.Ng2 Qe6 35.b5 g5 36.bxa6 bxa6 37.Rfb1 h6
38.Rb7 Rxb7 39.Rxb7 Bf8 40.a4 Bd6 41.a5 Rc8 42.Rb6 Rc1+ 43.Kf2 Rc5 44.Qa8+ Kg7
45.Qxa6 Qf5+ 46.Kg1 Bxg3 47.Rb1 Qf2+ 48.Kh1 g4  0-1

[Event "Chigorin mem"]
[Site "St Petersburg"]
[Date "1999.11.09"]
[Round "8"]
[White "Eljanov, Pavel"]
[Black "Mirovshchikov, Sergey"]
[Result "1-0"]
[WhiteElo "2447"]
[BlackElo "2358"]

1.Nf3 Nf6 2.d4 g6 3.c4 c5 4.d5 b5 5.Nbd2 Bg7 6.e4 d6 7.Bd3 O-O 8.O-O Nbd7
9.cxb5 a6 10.h3 axb5 11.Bxb5 Ba6 12.Bxa6 Rxa6 13.Qc2 Qa8 14.a3 Rb8 15.Rb1 Nb6
16.b3 Nfd7 17.a4 Qb7 18.Ba3 Ra7 19.h4 h6 20.Rfe1 Rc8 21.Bb2 Nf6 22.Nc4 Nxc4
23.bxc4 Qa6 24.e5 dxe5 25.Nxe5 Qxa4 26.Qxa4 Rxa4 27.Nc6 Kf8 28.Nxe7 Rc7 29.Be5 Rxe7
30.Bd6 Ra7 31.Rxe7 Rxe7 32.Rb7  1-0

[Event "Chigorin mem"]
[Site "St Petersburg"]
[Date "1999.11.10"]
[Round "9"]
[White "Anisimov, Pavel"]
[Black "Eljanov, Pavel"]
[Result "0-1"]
[WhiteElo "2318"]
[BlackElo "2447"]

1.e4 c5 2.Nf3 Nc6 3.d4 cxd4 4.Nxd4 e5 5.Nb5 d6 6.c4 Be7 7.N1c3 a6 8.Na3 Be6
9.Be2 Bg5 10.O-O h6 11.Nc2 Nge7 12.Be3 Bxe3 13.Nxe3 O-O 14.Qd2 Nd4 15.Nc2 Nxc2
16.Qxc2 Rc8 17.b3 Nc6 18.Qd2 Nd4 19.Bd3 b5 20.Ne2 bxc4 21.Nxd4 exd4 22.bxc4 Bxc4
23.Rac1 d5 24.e5 Re8 25.f4 Qb6 26.Rb1 Qc5 27.Rfd1 Rb8 28.Kh1 Bxd3 29.Qxd3 Qc4
30.Rxb8 Rxb8 31.h3 Qxa2 32.Qxd4 Rb1 33.Kh2 Rxd1 34.Qxd1 Qc4 35.Qg4 Qe4 36.Qc8+ Kh7
37.g3 d4 38.Qxa6 Qc2+ 39.Kg1 d3 40.e6 d2  0-1

[Event "t-EuCh U18"]
[Site "Balatonlelle HUN"]
[Date "2000.07.13"]
[Round "5"]
[White "Markus,R"]
[Black "Eljanov,P"]
[Result "1/2-1/2"]
[WhiteElo "2465"]
[BlackElo "2487"]

1.d4 Nf6 2.c4 g6 3.Nc3 d5 4.Nf3 Bg7 5.Bg5 Ne4 6.cxd5 Nxg5 7.Nxg5 e6 8.Qd2 h6
9.Nh3 exd5 10.Qe3+ Kf8 11.Nf4 c5 12.dxc5 d4 13.Qd2 Na6 14.e3 Bf5 15.Rd1 dxc3
16.Qxd8+ Rxd8 17.Rxd8+ Ke7 18.Rxh8 cxb2 19.Nd5+ Ke6 20.Nf4+ Ke7 21.Nd5+ Ke6  1/2-1/2

[Event "t-EuCh U18"]
[Site "Balatonlelle HUN"]
[Date "2000.07.15"]
[Round "7"]
[White "Bokros,A"]
[Black "Eljanov,P"]
[Result "1/2-1/2"]
[WhiteElo "2479"]
[BlackElo "2487"]

1.e4 c5 2.Nf3 Nc6 3.d4 cxd4 4.Nxd4 Nf6 5.Nc3 e5 6.Ndb5 d6 7.Bg5 a6 8.Na3 b5
9.Bxf6 gxf6 10.Nd5 f5 11.c3 Bg7 12.exf5 Bxf5 13.Nc2 O-O 14.Nce3 Be6 15.Bd3 f5
16.Qh5 e4 17.Bc2 Ne7 18.Nf4 Bf7 19.Bb3 d5 20.Qh3 d4 21.Ne6 Bxe6 22.Bxe6+ Kh8
23.Nxf5 dxc3 24.O-O Nxf5 25.Bxf5 Rxf5 26.Qxf5 cxb2 27.Rad1 Qe7 28.Rfe1 Rf8
29.Qd5 Qa7 30.Re2 Qa8 31.Qb3 Qc6 32.Rc2 Qf6 33.h3 Qe5 34.Rb1 Qf4 35.Rbxb2 Bxb2
36.Qxb2+ Qf6 37.Qc1 Rd8 38.Rc6 Rd1+ 39.Qxd1 Qxc6  1/2-1/2

[Event "Open"]
[Site "Polanica Zdroj POL"]
[Date "2000.08.24"]
[Round "7"]
[White "Eljanov,P"]
[Black "Vlassov,N"]
[Result "1-0"]
[WhiteElo "2487"]
[BlackElo "2455"]

1.d4 Nf6 2.Nf3 e6 3.c4 Nc6 4.g3 Bb4+ 5.Bd2 a5 6.Bg2 d6 7.O-O e5 8.d5 Nb8
9.Nc3 O-O 10.a3 Bc5 11.Bg5 Nbd7 12.Ne4 Bb6 13.Qc1 Kh8 14.Bh3 Nc5 15.Bxf6 gxf6
16.Bxc8 Qxc8 17.Nxf6 Qf5 18.Qh6 Qg6 19.Qh4 c6 20.b4 Bd8 21.Qxh7+ Qxh7 22.Nxh7 axb4
23.axb4 Rxa1 24.Rxa1 Nb3 25.Nxf8 Nxa1 26.dxc6 bxc6 27.Nd7 Nc2 28.b5 Na3 29.b6 Nxc4
30.b7 Bc7 31.b8=Q+ Bxb8 32.Nxb8 c5 33.e4 Kg7 34.h4 f5 35.exf5 e4 36.Ng5 e3
37.f4 Nb6 38.Kf1 d5 39.Ke2 d4 40.Ne4  1-0

[Event "Cup Rectora"]
[Site "Kharkov UKR"]
[Date "2000.10.02"]
[Round "2"]
[White "Shalimov,V UKR"]
[Black "Eljanov,P"]
[Result "0-1"]
[WhiteElo "2406"]
[BlackElo "2487"]

1.c4 c5 2.Nc3 Nc6 3.g3 Nf6 4.Bg2 e6 5.e4 Be7 6.Nge2 d6 7.O-O a6 8.a3 O-O
9.Rb1 Rb8 10.b4 cxb4 11.axb4 b5 12.cxb5 axb5 13.d4 d5 14.exd5 exd5 15.Bg5 Bg4
16.Bxf6 Bxf6 17.Nxd5 Re8 18.Nxf6+ Qxf6 19.f3 Bf5 20.Rb2 Red8 21.Qe1 Nxd4
22.Nxd4 Qxd4+ 23.Qf2 Qc3 24.Re1 h6 25.Bf1 Bd3 26.Re3 Qc1 27.Re1 Qc6 28.Kg2 Rbc8
29.Bxd3 Rxd3 30.Re5 Qf6 31.Rbe2 Rcc3 32.f4 Qc6+ 33.Kh3 Rc4 34.Qe1 Rxf4 35.Re8+ Kh7
36.Qb1 Qd7+ 37.Kg2 Qd5+ 38.Kg1 Rf5 39.Qc2 g6 40.R8e4 Rd1+ 41.Kg2 Rff1 42.Qc5 Qd3
43.Qe3 Qb1 44.Rf4 Rxf4 45.Qxf4 Rd7 46.h4 Qd3 47.Qe4 Qd5 48.Qxd5 Rxd5 49.Re7 Kg7
50.Rb7 Rf5 51.Rb6 g5 52.hxg5 hxg5 53.Kh3 f6 54.Kg4 Kg6 55.Rb8 Rd5 56.Kf3 Rd3+
57.Kf2 Kf5 58.Rb6 Rb3 59.g4+ Kxg4 60.Rxf6 Rxb4 61.Rb6 Rb2+ 62.Kf1 Kg3 63.Rb8 g4
64.Rb7 Rb1+ 65.Ke2 Kg2 66.Rg7 Rb2+ 67.Ke1 g3 68.Rh7 Kg1 69.Rh8 Rc2 70.Rb8 Rc5
71.Ke2 g2 72.Rg8 Re5+ 73.Kf3 Rf5+ 74.Ke2 Rf7 75.Rb8 Re7+ 76.Kd2 Re5  0-1

[Event "Cup Rectora"]
[Site "Kharkov UKR"]
[Date "2000.10.03"]
[Round "3"]
[White "Eljanov,P"]
[Black "Sharapov,E"]
[Result "1/2-1/2"]
[WhiteElo "2487"]
[BlackElo "2414"]

1.Nf3 c5 2.g3 Nc6 3.Bg2 g6 4.O-O Bg7 5.e4 Nf6 6.Qe2 O-O 7.c3 d6 8.h3 e5 9.d3 d5
10.Nbd2 h6 11.exd5 Nxd5 12.Nc4 Re8 13.a4 Bf5 14.Nfd2 Nb6 15.Ne4 Nxc4 16.dxc4 Qe7
17.Rd1 Rad8 18.Rxd8 Rxd8 19.Be3 Bxe4 20.Bxe4 f5 21.Bd5+ Kh7 22.Rd1 e4 23.Bxc6 Rxd1+
24.Qxd1 bxc6 25.Qd2 a5 26.h4 Qe6 27.Qd8 Qxc4 28.Qxa5 Qb3 29.Kh2 Qd1 30.Qxc5 Qxa4
31.Qe7 Kh8 32.Qe6 Qb5 33.Qxg6 Qxb2 34.Qxf5 Qxc3 35.Qxe4 c5 36.h5 c4 37.Qe8+ Kh7
38.Qg6+ Kh8 39.Bxh6 Bxh6 40.Qxh6+ Kg8 41.Qe6+ Kg7 42.Qg6+ Kh8 43.Qe8+ Kg7
44.Qd7+ Kh6 45.Kg2 Qc2 46.Qe8 c3 47.Qh8+ Kg5 48.Qe5+ Kh6 49.Kh3 Kh7 50.Qe7+ Kg8
51.Qg5+ Kf7 52.h6 Qxf2 53.Qg7+ Ke6 54.Qxc3 Qf7 55.Kg4 Qf5+ 56.Kh4 Qe4+ 57.g4 Qh1+
58.Qh3 Qe1+ 59.Kh5 Qe5+ 60.g5+ Kf7 61.Qf3+ Kg8 62.Kg4 Qe6+ 63.Kh4 Qe1+ 64.Kh3 Qe6+
65.Qg4 Qe3+ 66.Kh2 Qf2+ 67.Kh3 Qe3+ 68.Qg3 Qe6+ 69.Kg2 Qe2+ 70.Kg1 Qd1+ 71.Kf2 Qd2+
72.Kf3 Qd3+ 73.Kg4 Qe4+ 74.Qf4 Qg2+ 75.Kf5 Qd5+ 76.Qe5 Qf3+ 77.Ke6 Qc6+ 78.Ke7 Qb7+
79.Kd6  1/2-1/2

[Event "Cup Rectora"]
[Site "Kharkov UKR"]
[Date "2000.10.06"]
[Round "6"]
[White "Popov,Val"]
[Black "Eljanov,P"]
[Result "1/2-1/2"]
[WhiteElo "2557"]
[BlackElo "2487"]

1.Nf3 c5 2.e3 Nf6 3.c4 g6 4.Nc3 Bg7 5.d4 cxd4 6.exd4 O-O 7.Be2 d5 8.O-O Nc6
9.h3 dxc4 10.Bxc4 Na5 11.Bd3 Be6 12.Re1 Nc6 13.Bf1 Rc8 14.Bg5 Qa5 15.Qd2 Rfd8
16.a3 Rd7 17.Be3 Qd8 18.Bb5 Bd5 19.Nxd5 Nxd5 20.Bh6 Bh8 21.Bxc6 Rxc6 22.Ne5 Bxe5
23.dxe5 e6 24.Rac1 Rdc7 25.Rxc6 Rxc6 26.Qd4 Qb6 27.Qd2 Qc7 28.Re2 Rc4 29.g3 Ne7
30.Qd3 Nf5 31.Bg5 h6 32.Bf6 Kh7 33.Kg2 Qc6+ 34.f3 Rd4 35.Qb3 Rc4 36.Qd3 Rd4
37.Qb3 Rc4  1/2-1/2

[Event "Cup Rectora"]
[Site "Kharkov UKR"]
[Date "2000.10.08"]
[Round "8"]
[White "Kalugin,S"]
[Black "Eljanov,P"]
[Result "1/2-1/2"]
[WhiteElo "2455"]
[BlackElo "2487"]

1.e4 c5 2.Nc3 Nc6 3.g3 g6 4.Bg2 Bg7 5.d3 d6 6.Be3 e6 7.Qd2 Rb8 8.f4 Nge7
9.Nh3 b5 10.e5 Nd4 11.Ne4 dxe5 12.c3 exf4 13.Bxf4 e5 14.Bh6 Ndf5 15.Bxg7 Nxg7
16.O-O Bxh3 17.Bxh3 f5 18.Qh6 Kf7 19.Nxc5 Ng8 20.Qe3 Nf6 21.Qxe5 Qb6 22.d4 Rbe8
23.Qf4 Ne6 24.Nxe6 Rxe6 25.Bg2 Rhe8 26.Qf3 h5 27.Qf4 Re2 28.Rf2 Re1+ 29.Rxe1 Rxe1+
30.Rf1 Re2 31.Bf3 Rxb2 32.Re1 Qd8 33.Qe5 Kg7 34.Qc5 Kh6 35.d5 h4 36.d6 hxg3
37.hxg3 g5 38.Qc7 Qh8 39.Qd7 Qg7 40.Qxg7+ Kxg7 41.Bc6 Rd2 42.d7 Kf7 43.Re5 Nxd7
44.Rxf5+ Ke6 45.Bxd7+  1/2-1/2

[Event "Cup Rectora"]
[Site "Kharkov UKR"]
[Date "2000.10.11"]
[Round "11"]
[White "Eljanov,P"]
[Black "Bets,A"]
[Result "1-0"]
[WhiteElo "2487"]
[BlackElo "2361"]

1.d4 d5 2.Nf3 c6 3.c4 e6 4.Qc2 Nf6 5.g3 Be7 6.Bg2 O-O 7.O-O b6 8.b3 Bb7 9.Nc3 Nbd7
10.Rd1 Rc8 11.e4 c5 12.exd5 exd5 13.Bb2 dxc4 14.d5 Ne8 15.bxc4 Nd6 16.Nd2 a6
17.a4 Re8 18.Nce4 Bf8 19.f4 Nxe4 20.Bxe4 h6 21.Nf3 b5 22.axb5 axb5 23.Bh7+ Kh8
24.Bf5 Ra8 25.Rxa8 Bxa8 26.Ra1 Qc7 27.Ng5 Nb6 28.Qd1 Qe7 29.Qh5 Kg8 30.Qxh6 Qe3+
31.Kg2 Qe2+ 32.Kh3 Qg4+ 33.Kxg4  1-0

[Event "Chigorin Mem"]
[Site "St Petersburg RUS"]
[Date "2000.10.31"]
[Round "1"]
[White "Eljanov,P"]
[Black "Ignatiev,Alexa"]
[Result "1-0"]
[WhiteElo "2487"]
[BlackElo "2302"]

1.d4 d5 2.Nf3 Nf6 3.c4 c6 4.Nc3 dxc4 5.e4 b5 6.e5 Nd5 7.a4 h6 8.Be2 Be6 9.Ne4 Nd7
10.O-O Nc7 11.Be3 Nb6 12.Nc5 Bd5 13.Nd2 e6 14.Qc2 Be7 15.Nde4 O-O 16.Nd6 Bxd6
17.Nb7 Qd7 18.Nxd6 f5 19.Qd2 Ne8 20.Ra3 Nxd6 21.exd6 Qxd6 22.Bf4 Qe7 23.Rg3 Kh7
24.Rh3 Rf6 25.Bh5 Nxa4 26.Be5 Nb6 27.Bxf6 Qxf6 28.Rg3 g5 29.Be2 Rd8 30.Ra1 Nc8
31.f4 g4 32.h3 gxh3 33.gxh3 Be4 34.Bh5 Qxd4+ 35.Qxd4 Rxd4 36.Bg6+ Kh8 37.Bf7 Bd5
38.Rg8+ Kh7 39.Rxc8 Rd2 40.Rxa7 Rg2+ 41.Kf1 Rg7 42.Rcc7  1-0

[Event "Chigorin Mem"]
[Site "St Petersburg RUS"]
[Date "2000.11.01"]
[Round "2"]
[White "Kurnosov,I"]
[Black "Eljanov,P"]
[Result "1-0"]
[WhiteElo "2374"]
[BlackElo "2487"]

1.e4 c5 2.Nf3 Nc6 3.d4 cxd4 4.Nxd4 e5 5.Nb5 d6 6.c4 Be7 7.N1c3 a6 8.Na3 Be6
9.Nc2 Bg5 10.Ne3 Nge7 11.Bd3 O-O 12.O-O Rc8 13.b3 Nd4 14.Ncd5 Bxd5 15.cxd5 b5
16.a4 Ng6 17.g3 Qb6 18.h4 Bd8 19.axb5 axb5 20.Nf5 Bf6 21.h5 Nxf5 22.hxg6 Nd4
23.gxh7+ Kh8 24.Bd2 Ra8 25.Be3 b4 26.Qg4 Ra3 27.Rab1 Ra2 28.Rbc1 Qb7 29.Bxd4 exd4
30.Rc6 Qe7 31.Rfc1 Bg5 32.f4 Bh6 33.Rc7 Qf6 34.Rc8 g6 35.Rxf8+ Bxf8 36.Rc8 Qe7
37.Qg5 Kxh7 38.Qxe7 Bxe7 39.Rc7 Rd2 40.Bc4 Bf8 41.e5 Kg8 42.exd6 Bxd6 43.Rc6  1-0

[Event "Chigorin Mem"]
[Site "St Petersburg RUS"]
[Date "2000.11.04"]
[Round "4"]
[White "Zajarnyi,A"]
[Black "Eljanov,P"]
[Result "0-1"]
[WhiteElo "2380"]
[BlackElo "2487"]

1.e4 c5 2.b4 b6 3.bxc5 bxc5 4.Nc3 Nc6 5.Rb1 Nf6 6.Nf3 e6 7.Bc4 Be7 8.Qe2 d6
9.e5 Nxe5 10.Nxe5 dxe5 11.Qxe5 O-O 12.O-O Bd6 13.Qe2 Qc7 14.h3 Bb7 15.d3 Qc6
16.f4 Rad8 17.f5 exf5 18.Rxf5 Rde8 19.Qf3 Qxf3 20.gxf3 Bc8 21.Rxf6 gxf6 22.Bh6 Kh8
23.Bxf8 Rxf8 24.Ne4 Be5 25.Kh1 Bxh3 26.Nxc5 Bd4 27.Nb3 Bf2 28.Kh2 Bd7 29.Rf1 Be3
30.f4 Rg8 31.Bd5 Rg4 32.f5 Bf4+ 33.Kh1 Bxf5 34.Rf3 Bc8 35.d4 Kg7 36.c4 h5
37.c5 h4 38.Rc3 Rg5 39.Be4 h3 40.Rf3 Bc7 41.d5 Re5 42.d6 Rxe4 43.Rg3+ Kf8
44.dxc7 Re1+ 45.Rg1 Rxg1+ 46.Kxg1 Ke7 47.Nd4 Kd7 48.Kh2 Kxc7 49.Nb5+ Kb8
50.a3 Bd7 51.Nd4 Kc7 52.Kg3 a6 53.Kh2 Bg4 54.Kg3 f5 55.Kh2 f4 56.Kg1 f3 57.a4 Kd7
58.a5 Kc7 59.Nc2 Bf5 60.Ne3 Be4 61.Ng4 f5 62.Nf2 Kc6 63.Nxh3 Kxc5 64.Kf2 Kb5
65.Ke3 Kxa5 66.Kd2 Kb4 67.Kc1 a5 68.Kb2 a4 69.Nf2 a3+ 70.Ka2 Bd5+ 71.Ka1 Kc3  0-1

[Event "Chigorin Mem"]
[Site "St Petersburg RUS"]
[Date "2000.11.05"]
[Round "5"]
[White "Eljanov,P"]
[Black "Weetik,V"]
[Result "1-0"]
[WhiteElo "2487"]
[BlackElo "2365"]

1.d4 Nf6 2.Nf3 g6 3.c4 c5 4.d5 d6 5.Nc3 Bg7 6.e4 O-O 7.h3 b5 8.cxb5 a6 9.a4 axb5
10.Bxb5 Ba6 11.Be3 Nbd7 12.O-O Bxb5 13.axb5 Qc7 14.Qe2 Rfb8 15.Nd2 Nb6 16.Ra6 Qb7
17.Nb3 e6 18.Na5 Qd7 19.Nc6 exd5 20.exd5 Rb7 21.Rxa8+ Nxa8 22.Qf3 Nb6 23.Re1 Qf5
24.Bf4 Bf8 25.g4 Qd7 26.Bg5 Ne8 27.Ne7+ Kg7 28.Qf4 Bxe7 29.Rxe7 Qxe7 30.Bxe7 Rxe7
31.b4 cxb4 32.Qxb4 f6 33.Qd4 Nd7 34.b6 Nc5 35.Na4 Nb7 36.Qc3 Kf7 37.Qc8 Kg7
38.Nc3 Nc5 39.Nb5  1-0